| 000 | 00984nam a2200313 b 4500 | ||
|---|---|---|---|
| 001 | 229851 | ||
| 003 | DO-SdBPM | ||
| 005 | 20250129084028.0 | ||
| 007 | 229851 | ||
| 008 | 990525s1998 ag | ||| ||spa | ||
| 017 |
_a _b |
||
| 035 | _a | ||
| 040 |
_aDO-SdBPM _bspa _cBPMSU _e |
||
| 041 | 1 |
_aspa _h |
|
| 082 | 4 |
_a641.595 _bS774c 1998 _222 |
|
| 100 | 1 |
_aSri,Owen _d1935- |
|
| 245 | 1 | 3 |
_aLa cocina asiática clásica / _cSri Owen ; traducción Élida Smalietis ; fotografías Clive Streeter Mcleavey _h |
| 250 | _a | ||
| 260 |
_aBarcelona : _bJavier Vergara, _c1998 |
||
| 300 |
_a160 p. : _bil. ; _c30 cm |
||
| 534 |
_pTítulo original : _tThe classic Asian cookbook |
||
| 590 | _aInventariado, 2025/VM | ||
| 650 | 4 |
_aCocina asiática _vRecetas _2 |
|
| 650 | 4 |
_aRecetas Gastronomía _zAsia _vRecetas |
|
| 700 | 1 |
_aSmalietis, Élida _etraductora |
|
| 700 | 1 |
_aStreeter Mcleavey, Clive _efotografía |
|
| 910 | _aVMateo V. Control de calidad. BPMSU | ||
| 942 |
_2ddc _cBK |
||
| 999 |
_c10183 _d10183 |
||